000 00923nam a22002295i 4500
001 164977
003 ES-MaACL
005 20250808082553.0
008 991015s1882 fr |||| | fre d
040 _aM-RAJU
_bspa
_cM-RAJU
_dCCPB | B
100 1 _aSchulte, Fréderic de.
_9132573
245 1 0 _aHistoire du droit et des institutions de l'Allemagne /
_cpar Frédéric de Schulte ; traduit et annoté sur la cinquième édition par Marcel Fournier ; précédée d'une introduction par Ernest Glasson.
260 _aParis :
_bA. Durand et Pedone-Lauriel, editeurs,
_c1882.
300 _aXXXII, 614 p. ;
_c23 cm.
650 7 _aDerecho-
_zAlemania
_2
_9151864
650 4 _aInstituciones políticas-
_zAlemania-
_vHistoria.
_9151865
700 0 _aFournier, Marcel.
_951985
700 1 _aGlasson, Ernest-Désiré.
_957412
852 _aES-MaACL
_jF-12299
_z-- Enc. pasta
999 _c164977
_d164977